000 00645nam a2200265Ia 4500
005 20260121165903.0
008 008 260114s9999 xx 000 0 eng d
020 _a9783319540122
037 _aEBOOK
040 _aCRL
040 _beng
040 _cCRL
041 _2eng
041 _aeng
084 _qCRL
100 _aTimothy P. Collins
_91057244
245 0 _aHypocrisy in American Political Attitudes
260 _bSpringer
260 _bSpringer
260 _c2018
856 _uhttps://link.springer.com/openurl?genre=book&isbn=978-3-319-54012-2
942 _cEBOOK
999 _c1622972
_d1622972